00883nam a22002415a 450000500170000000800410001701000140005802000260007203500130009803700150011104000180012608200160014410000200016024500570018026000320023727000670026930000280033650000500036465000310041494200300044599900170047595201490049220090622153552.0090226s2007 ii a b 001 0 eng  aENG-94179 a9780415484497c350.00 aEN-77712 bDBAD / PUB adplbEnglish  a320.1209515 aAnand, Dibyesh  aTibet:ba victim of geopolitics /cby Dibyesh Anand  aNew Delhi bRoutledgec2007 a912-915 Tolstoy House 15-17 Tolstoy Marg, bNew Delhi e110001 axix, 190p. c23cm(pbk)  aIncludes bibliographical references and index aGeopoliticszTibet (China) 2ddccENmANAh320.1209515 c27769d27769 00102ddc40718NFICaDBADbDBADd2009-06-22eDBAD / PUBg350.00l0o320.1209515 ANApEN-77712r2009-06-22 00:00:00t1v350.00w2009-06-22yEN